Expert witnesses (Record no. 76616)

MARC details
000 -LEADER
fixed length control field 01464cab a2200289 4500
001 - CONTROL NUMBER
control field ##L132768
008 - FIXED-LENGTH DATA ELEMENTS--GENERAL INFORMATION
fixed length control field 060307n2006 000 0 eng u
035 ## - SYSTEM CONTROL NUMBER
System control number (Sirsi) u132768
041 0# - LANGUAGE CODE
Language code of text/sound track or separate title eng
100 1# - MAIN ENTRY--PERSONAL NAME
Personal name Burn, Suzanne
245 00 - TITLE STATEMENT
Title Expert witnesses
Remainder of title making an impression
260 ## - PUBLICATION, DISTRIBUTION, ETC.
Date of publication, distribution, etc. 2006
490 #0 - SERIES STATEMENT
Series statement New Law Journal
Volume/sequential designation 156(7213) 24 February 2006, 308-309(2)
520 ## - SUMMARY, ETC.
Summary, etc. Looks at the qualities expected of an expert witness in civil cases. An expert must be able to assist the court in matters within his expertise, and be independent; be capable of writing a helpful report; be committed to the case; and show a knowledge of court procedure and the Civil Procedure Rules. Outlines the qualities required in an expert's report. Also lists some attributes that will not impress a court.
590 ## - LOCAL NOTE (RLIN)
Local note IKA140306
650 24 - SUBJECT ADDED ENTRY--TOPICAL TERM
Topical term or geographic name entry element CIVIL PROCEDURE RULES PART 35
650 24 - SUBJECT ADDED ENTRY--TOPICAL TERM
Topical term or geographic name entry element LIVERPOOL ROMAN CATHOLIC ARCHDIOCESAN TRUST V GOLDBERG (NO 3)
650 24 - SUBJECT ADDED ENTRY--TOPICAL TERM
Topical term or geographic name entry element SPE INTERNATIONAL V PROFESSIONAL PREPARATION CONTRACTORS (UK) LTD
650 24 - SUBJECT ADDED ENTRY--TOPICAL TERM
Topical term or geographic name entry element CAIRNSTORES V AKTIEBOLAGET HASSLE
650 24 - SUBJECT ADDED ENTRY--TOPICAL TERM
Topical term or geographic name entry element PEARCE V OVE ARUP PARTNERSHIP LTD AND OTHERS
650 24 - SUBJECT ADDED ENTRY--TOPICAL TERM
Topical term or geographic name entry element HUSSEIN V WILLIAM HILL GROUP
650 24 - SUBJECT ADDED ENTRY--TOPICAL TERM
Topical term or geographic name entry element PHILLIPS AND ANOTHER V SYMES AND ANOTHER
650 24 - SUBJECT ADDED ENTRY--TOPICAL TERM
Topical term or geographic name entry element GOUGH V MUMMERY
650 24 - SUBJECT ADDED ENTRY--TOPICAL TERM
Topical term or geographic name entry element KRANIDIOTES V PASCHALI
690 ## - LOCAL SUBJECT ADDED ENTRY--TOPICAL TERM (OCLC, RLIN)
Topical term or geographic name as entry element MANAGEMENT-DISPUTE AVOIDANCE, MANAGEMENT AND RESOLUTION-DISPUTE MANAGEMENT AND RESOLUTION-EXPERT WITNESSES-EXPERT EVIDENCE
942 ## - ADDED ENTRY ELEMENTS (KOHA)
Suppress in OPAC 0
Holdings
Withdrawn status Lost status Source of classification or shelving scheme Damaged status Not for loan Home library Current library Shelving location Date acquired Total Checkouts Full call number Barcode Date last seen Copy number Price effective from Koha item type
    Dewey Decimal Classification     London London Journal article 07/03/2006   L132768 132768-1001 06/08/2019 1 06/08/2019 Journal article